| 000 | 00758nam a22002297a 4500 | ||
|---|---|---|---|
| 005 | 20170124110152.0 | ||
| 010 | _aB-128208 | ||
| 020 |
_c350.00 _a8170998832 |
||
| 035 | _aB-128208 | ||
| 037 | _bCen Lib/Ret | ||
| 040 |
_aDPL _bEN |
||
| 082 |
_a615.53 _bBUR |
||
| 100 |
_aBurman, J.J.Roy _97715 |
||
| 245 |
_aTribal medicine : _cby J.J.Roy Burman _btraditional practices and changes in Sikkim / |
||
| 260 |
_aNew Delhi _bMittal Publications _c2003 |
||
| 270 |
_aA-110, Mohan Garden _bNew Delhi _e110059 |
||
| 300 |
_a165p. _c21cm(Hb) |
||
| 500 | _aIncludes bibliographical references and index | ||
| 650 |
_aTraditional medicine--Sikkim _934207 |
||
| 650 |
_aEthnic Groups -- ethnology _934208 |
||
| 942 |
_2ddc _cEN _h615.53 _mBUR |
||
| 999 |
_c132279 _d132279 |
||